| 000 | 00479 a2200193 4500 | ||
|---|---|---|---|
| 005 | 20260210141604.0 | ||
| 008 | 260210b |||||||| |||| 00| 0 eng d | ||
| 020 |
_a9789385621147 _cRs. 995.00 |
||
| 040 | _aMAIN | ||
| 082 |
_a954.03 _bV59H |
||
| 100 | _aVerma, B P | ||
| 245 | _aHistory of modern India | ||
| 260 |
_bNisha Publications _c2024 _aNew Delhi |
||
| 300 | _aviii, 320 | ||
| 650 | _aHistory | ||
| 650 | _aIndia | ||
| 650 | _aModern Period- India | ||
| 942 | _cBK | ||
| 999 |
_c394997 _d394997 |
||